01337nam a22003374a 4500001001100000003000800011006001900019007001500038008004100053010001700094020001500111040002100126035002100147050002900168082001400197100002800211245008200239260008300321300002200404504005100426505004400477533015200521650004000673650001800713650005000731650003200781655002900813710001700842856012500859999001500984ebr5007390CaPaEBRm u cr cn|||||||||010330m20019999dcua sb i001 0 eng  z 2001026146 z0821345249 aCaPaEBRcCaPaEBR a(OCoLC)55974621714aHG178.33.D44bR63 2001eb04a332.22211 aRobinson, Marguerite S.14aThe microfinance revolutionh[electronic resource] /cMarguerite S. Robinson. aWashington, D.C. :bWorld Bank, ;aNew York :bOpen Society Institute,cc2001- av. <1 > :bill. aIncludes bibliographical references and index.1 a[1] Sustainable finance for the poor -- aElectronic reproduction.bPalo Alto, Calif. :cebrary,d2013.nAvailable via World Wide Web.nAccess may be limited to ebrary affiliated libraries. 0aMicrofinancezDeveloping countries. 0aMicrofinance. 0aFinancial institutionszDeveloping countries. 0aPoorzDeveloping countries. 7aElectronic books.2local2 aebrary, Inc.40uhttp://site.ebrary.com/lib/rucke/Doc?id=5007390zAn electronic book accessible through the World Wide Web; click to view c5166d5166